| 000 | 00968nam a2200229Ia 4500 | ||
|---|---|---|---|
| 999 |
_c37386 _d37386 |
||
| 001 | 3345 | ||
| 003 | GE_BSU | ||
| 005 | 20190605161406.0 | ||
| 008 | 181216s1993||||ge |||||||||||||| ||geo|| | ||
| 040 | _cGE_BSU | ||
| 041 | _ageo | ||
| 080 | _a620.1:539.4(075.8) დ–19 | ||
| 100 |
_aდანელია,დ. _92116 |
||
| 245 |
_aმასალათა გამძლეობა : ნაწ. l : ლექციების კონსპექტი / _cდ. დანელია ; ნ. მურღულია ; გ. ხაზალია ; რედ : ც.არსენიძე. |
||
| 264 |
_aთბილისი : _bსტუ, _c1993. |
||
| 300 |
_a72 გვ. : _c20 სმ. |
||
| 653 | _aმასალათა გამძლეობა | ||
| 700 |
_aმურღულია, ნ _9525 |
||
| 700 |
_aხაზალია,გ _91887 |
||
| 700 |
_aარსენიძე, ც _eრედაქტორი _91557 |
||
| 942 |
_cBK _2udc |
||